Statistics for Most Populated Cities in France by Picture

Click here to take the quiz!

General Stats

  • This quiz has been taken 31 times
  • The average score is 9 of 16

Answer Stats

Answer% Correct
Paris
100%
Marseille
96%
Nice
85%
Strasbourg
85%
Lyon
81%
Lille
67%
Bordeaux
59%
Toulouse
59%
Nantes
56%
Grenoble
52%
Reims
48%
Toulon
44%
Montpellier
41%
Rennes
33%
Le Havre
22%
Saint-Étienne
19%

Score Distribution

Percentile by Number Answered

Percent of People with Each Score

Your Score History

You have not taken this quiz